[Event "Live Chess"]
[Site "Chess.com"]
[Date "2021.02.18"]
[White "Morgenthal, Renaud"]
[Black "Hubert, Rene"]
[Result "1-0"]
[WhiteElo "1271"]
[BlackElo "1230"]
[Termination "Renaud1405 won by resignation"]
[Round "?"]
[WhiteCountry "bel"]
[BlackCountry "bel"]

{ Cadence : 300+15 } 1. d4 Nf6 2. c4 g6 3. Nc3 c5 4. d5 d6 5. e4 Bg7 6. Nf3 
O-O 7. Bg5 e6 8. dxe6 Bxe6 9. Nb5 Qa5+ 10. Bd2 Qd8 11. Nc3 a6 12. Bd3 Nc6 13. 
O-O Re8 14. Bg5 Qc7 15. Nd5 Bxd5 16. exd5 Ne5 17. Re1 Nxf3+ 18. Qxf3 Nd7 19. 
Re7 Rf8 20. Qh3 f6 21. Bh6 Rf7 22. Qe6 Nf8 23. Qxf7+ 1-0

[Event "Live Chess"]
[Site "Chess.com"]
[Date "2021.02.18"]
[White "Hubert, Rene"]
[Black "Morgenthal, Renaud"]
[Result "0-1"]
[WhiteElo "1221"]
[BlackElo "1282"]
[Termination "Renaud1405 won by checkmate"]
[Round "?"]
[WhiteCountry "bel"]
[BlackCountry "bel"]

{ Cadence : 300+15 } 1. e4 c5 2. c3 Nf6 3. e5 Nd5 4. d4 cxd4 5. cxd4 Nc6 6. 
Nf3 e6 7. a3 g6 8. Bd2 Bg7 9. Bb5 O-O 10. O-O Qb6 11. Bxc6 bxc6 12. b4 Ba6 
13. Re1 Bc4 14. Nc3 a5 15. Nxd5 Bxd5 16. bxa5 Qa7 17. Bb4 Rfb8 18. Qc2 Bxf3 
19. gxf3 Qxd4 20. Rad1 Qf4 21. Qe4 Qg5+ 22. Kh1 Rb5 23. Rxd7 Rxe5 24. Qb1 Qf4 
25. Rg1 Qxf3+ 26. Rg2 Re2 27. Bc5 Be5 28. Qb6 Re1# 0-1

[Event "Live Chess"]
[Site "Chess.com"]
[Date "2021.02.18"]
[White "Marchal, Georges"]
[Black "Pitz, Luc"]
[Result "1-0"]
[WhiteElo "1294"]
[BlackElo "1177"]
[Termination "gma_666 won by resignation"]
[Round "?"]
[WhiteCountry "bel"]
[BlackCountry "bel"]

{ Cadence : 300+15 } 1. e4 c5 2. Nf3 d6 3. d4 cxd4 4. c3 d3 5. Bxd3 Nc6 6. 
Qe2 g6 7. O-O Bg7 8. Rd1 Bg4 9. Nbd2 Ne5 10. Qe3 Nxd3 11. Qxd3 Qc7 12. Qb5+ 
Qc6 13. Qxc6+ bxc6 14. Re1 Rb8 15. Nd4 Bd7 16. Rb1 c5 17. N4b3 e6 18. Nc4 Ke7 
19. Bg5+ Bf6 20. Bxf6+ Nxf6 21. e5 dxe5 22. Nxe5 Rhd8 23. Nxc5 Nd5 24. Nexd7 
Rb7 1-0

[Event "Live Chess"]
[Site "Chess.com"]
[Date "2021.02.18"]
[White "Pitz, Luc"]
[Black "Marchal, Georges"]
[Result "0-1"]
[WhiteElo "1185"]
[BlackElo "1285"]
[Termination "gma_666 won by resignation"]
[Round "?"]
[WhiteCountry "bel"]
[BlackCountry "bel"]

{ Cadence : 300+15 } 1. f4 e5 2. d3 Nc6 3. Nf3 d6 4. fxe5 dxe5 5. g3 Bc5 6. 
e4 Bg4 7. Be2 Nf6 8. Nc3 a6 9. Bg5 h6 10. Bxf6 Qxf6 11. Nd5 Qd6 12. Qd2 Be6 
13. Ne3 Nd4 14. Nxd4 Bxd4 15. c3 Bb6 16. Nf5 Qf8 17. Rf1 O-O-O 18. b3 g6 19. 
Ne3 Kb8 20. O-O-O Qa3+ 21. Kb1 Bxe3 22. Qxe3 Bxb3 23. axb3 Qxb3+ 24. Ka1 Qxc3+ 
25. Kb1 Rd4 0-1

[Event "Live Chess"]
[Site "Chess.com"]
[Date "2021.02.21"]
[White "Nadin, Corinne"]
[Black "Dans, Guy"]
[Result "1-0"]
[WhiteElo "1278"]
[BlackElo "1015"]
[Termination "Baudelaire56 won on time"]
[Round "?"]
[WhiteCountry "bel"]
[BlackCountry "bel"]

{ Cadence : 315 } 1. d4 d5 2. c4 e6 3. Nf3 Nf6 4. Bg5 Be7 5. Nc3 Nbd7 6. cxd5 
exd5 7. e3 O-O 8. Bd3 c6 9. O-O b5 10. a4 Bb7 11. axb5 cxb5 12. Bxb5 a6 13. 
Bd3 h6 14. Bh4 g5 15. Bg3 g4 16. Nd2 h5 17. Qb3 Kh8 18. Qxb7 Rb8 19. Bxb8 Nxb8 
20. Rfc1 a5 21. Nb3 Bb4 22. Na2 Bd2 23. Rc7 Qd6 24. Nxd2 h4 25. Rc8 Rxc8 26. 
Qxc8+ Kg7 27. Qc5 1-0

[Event "Live Chess"]
[Site "Chess.com"]
[Date "2021.02.21"]
[White "Dans, Guy"]
[Black "Nadin, Corinne"]
[Result "0-1"]
[WhiteElo "1010"]
[BlackElo "1286"]
[Termination "Baudelaire56 won on time"]
[Round "?"]
[WhiteCountry "bel"]
[BlackCountry "bel"]

{ Cadence : 315 } 1. f4 d5 2. d4 Nf6 3. Nc3 Bf5 4. e3 e6 5. Bd3 Bxd3 6. Qxd3 
c5 7. Bd2 c4 8. Qe2 Nc6 9. Nf3 Bb4 10. O-O O-O 11. Ne5 Bxc3 12. Nxc6 bxc6 13. 
Bxc3 Ne4 14. f5 Nxc3 15. bxc3 Qa5 16. fxe6 fxe6 17. Qg4 Qxc3 18. Rxf8+ Rxf8 
19. Qxe6+ Kh8 20. Rf1 Rxf1+ 21. Kxf1 h6 22. Qc8+ Kh7 23. Qf5+ Kg8 24. Qc8+ 
Kf7 25. Qc7+ Ke6 26. Qc8+ Kf6 27. Qd8+ Kf5 28. Qd7+ Kg6 29. Qe6+ Kh7 30. Qf5+ 
Kg8 31. Qc8+ Kf7 32. Qd7+ Kf6 33. Qd8+ Ke6 34. Qe8+ Kd6 35. Qf8+ Kc7 36. Qe7+ 
Kb6 37. Qd8+ Kb5 38. Qb8+ Ka4 39. Qxa7+ Qa5 40. Qxa5+ Kxa5 41. Ke2 Kb4 42. 
Kd2 Ka3 43. Kc3 Kxa2 44. Kb4 Kb2 45. c3 Kc2 46. Kc5 Kxc3 0-1

[Event "Live Chess"]
[Site "Chess.com"]
[Date "2021.02.22"]
[White "Pitz, Luc"]
[Black "Sauvage, Eric"]
[Result "0-1"]
[WhiteElo "1173"]
[BlackElo "1638"]
[EndTime "11:10:39 PST"]
[Termination "Ayriq won by resignation"]
[Round "?"]
[WhiteCountry "bel"]
[BlackCountry "bel"]

{ Cadence : 300+15 } 1. e4 e5 2. f4 exf4 3. Nf3 g5 4. h4 g4 5. Ne5 Qe7 6. Nxg4 
Qxe4+ 7. Qe2 Qxe2+ 8. Bxe2 d6 9. d4 Be6 10. Bxf4 Nd7 11. Nc3 O-O-O 12. O-O-O 
Bg7 13. d5 Bxg4 14. Bxg4 Nf6 15. Bf5 Kb8 16. Rhe1 Rhe8 17. Bg5 Re5 18. Bxd7 
Rxd7 19. Rxe5 dxe5 20. Re1 Nxd5 21. Nxd5 Rxd5 22. Rd1 Rxd1+ 23. Kxd1 f6 24. 
Be3 b6 25. b3 c5 26. Ke2 f5 27. Kd3 e4+ 28. Kc4 Kc7 29. Kd5 Kd7 30. Bf4 Bd4 
31. Bb8 e3 32. Bg3 Bc3 33. Kc4 f4 34. Bxf4 e2 35. Bg3 e1=Q 36. Bxe1 Bxe1 37. 
h5 Kc6 38. a4 a6 39. g4 b5+ 40. Kd3 Bh4 41. axb5+ axb5 42. Kc3 Kd5 43. Kd3 
c4+ 44. bxc4+ bxc4+ 45. Ke3 Bg5+ 46. Kf3 Kd4 0-1

[Event "Live Chess"]
[Site "Chess.com"]
[Date "2021.02.24"]
[White "Dans, Guy"]
[Black "Morgenthal, Renaud"]
[Result "0-1"]
[WhiteElo "1019"]
[BlackElo "1287"]
[Termination "Renaud1405 won by resignation"]
[Round "?"]
[WhiteCountry "bel"]
[BlackCountry "bel"]

{ Cadence : 300+15 } 1. c4 e5 2. g3 Nf6 3. Bg2 d5 4. cxd5 Nxd5 5. e3 Nc6 6. 
Ne2 Be6 7. O-O Bc5 8. Nbc3 Nxc3 9. dxc3 O-O 10. f4 Bc4 11. fxe5 Qxd1 12. Rxd1 
Bxe2 13. Rd7 Bb6 14. Bd2 Nxe5 15. Re1 Nxd7 16. Bxb7 Rab8 17. Bc6 Bg4 18. Bd5 
Nc5 19. e4 Nd3+ 20. Kf1 Nxe1 21. Bxe1 Rbd8 22. c4 Rfe8 23. Kg2 Rxd5 24. cxd5 
Rxe4 25. Bc3 Re2+ 26. Kf1 Rxh2 27. Be5 Bh3+ 28. Ke1 Bf2+ 29. Kd1 Bg4+ 30. Kc1 
Be3+ 31. Kb1 Bf5+ 0-1

[Event "Live Chess"]
[Site "Chess.com"]
[Date "2021.02.24"]
[White "Morgenthal, Renaud"]
[Black "Dans, Guy"]
[Result "1-0"]
[WhiteElo "1291"]
[BlackElo "1013"]
[Termination "Renaud1405 won by checkmate"]
[Round "?"]
[WhiteCountry "bel"]
[BlackCountry "bel"]

{ Cadence : 300+15 } 1. d4 d5 2. c4 e6 3. Nc3 Nf6 4. Nf3 Bd6 5. e3 O-O 6. c5 
Be7 7. Bd3 c6 8. e4 b5 9. e5 Nfd7 10. a3 a5 11. Qc2 Ba6 12. Bxh7+ Kh8 13. Bd3 
b4 14. Na4 Bxd3 15. Qxd3 bxa3 16. bxa3 Na6 17. O-O Qb8 18. Bd2 Nc7 19. Rab1 
Qa7 20. Ng5 g6 21. Qh3+ Kg7 22. Qh7# 1-0

[Event "Live Chess"]
[Site "Chess.com"]
[Date "2021.02.27"]
[White "Nadin, Corinne"]
[Black "Marchal, Georges"]
[Result "0-1"]
[WhiteElo "1250"]
[BlackElo "1316"]
[Termination "gma_666 won by resignation"]
[Round "?"]
[WhiteCountry "bel"]
[BlackCountry "bel"]

{ Cadence : 300+15 } 1. d4 Nf6 2. c4 e5 3. d5 Bb4+ 4. Bd2 Bxd2+ 5. Nxd2 d6 
6. Ngf3 c6 7. e4 Bg4 8. Be2 O-O 9. O-O Nbd7 10. a4 Nc5 11. Ng5 Bxe2 12. Qxe2 
cxd5 13. cxd5 Nxd5 14. exd5 Qxg5 15. b4 Nd7 16. Ne4 Qe7 17. f4 exf4 18. Rxf4 
Rae8 19. Qf3 Ne5 20. Qg3 Ng6 21. Rg4 h5 22. Rxg6 fxg6 23. Nxd6 Qf6 24. Nxe8 
Qxa1+ 0-1

[Event "Live Chess"]
[Site "Chess.com"]
[Date "2021.02.27"]
[White "Marchal, Georges"]
[Black "Nadin, Corinne"]
[Result "1-0"]
[WhiteElo "1306"]
[BlackElo "1260"]
[Termination "gma_666 won by checkmate"]
[Round "?"]
[WhiteCountry "bel"]
[BlackCountry "bel"]

{ Cadence : 300+15 } 1. e4 c6 2. d4 d5 3. Nc3 dxe4 4. f3 exf3 5. Nxf3 Bg4 6. 
Bd3 Bxf3 7. Qxf3 Qxd4 8. Be3 Qf6 9. Qg3 h6 10. Qc7 Qh4+ 11. Bf2 Qg4 12. Qxb7 
Qxg2 13. Qc8# 1-0

[Event "Live Chess"]
[Site "Chess.com"]
[Date "2021.02.28"]
[White "Sauvage, Eric"]
[Black "Nadin, Corinne"]
[Result "1/2-1/2"]
[WhiteElo "1627"]
[BlackElo "1269"]
[Termination "Game drawn by agreement"]
[Round "?"]
[WhiteCountry "bel"]
[BlackCountry "bel"]

{ Cadence : 300+15 } 1. d4 d5 2. c4 Nf6 3. Nc3 Nc6 4. Bf4 e6 5. e3 b6 6. Bd3 
Ba6 7. b3 Bd6 8. Bxd6 Qxd6 9. Nf3 O-O 10. O-O Nb4 11. Be2 c5 12. cxd5 Nbxd5 
13. Nxd5 Bxe2 14. Nxf6+ gxf6 15. Qxe2 Kh8 16. dxc5 Qxc5 17. Rac1 Qe7 18. h3 
Rg8 19. Rc4 f5 20. Rfc1 Rg7 21. Rc8+ Rg8 22. Qb2+ f6 23. R8c7 Qf8 24. Nd4 Qe8 
25. Nxf5 Qg6 26. Ng3 h5 27. Qd4 e5 28. Qh4 Qg5 29. Qxh5+ Qxh5 30. Nxh5 Rg5 
31. Nxf6 1/2-1/2

[Event "Live Chess"]
[Site "Chess.com"]
[Date "2021.02.28"]
[White "Nadin, Corinne"]
[Black "Sauvage, Eric"]
[Result "1/2-1/2"]
[WhiteElo "1260"]
[BlackElo "1640"]
[EndTime "5:48:31 PST"]
[Termination "Game drawn by agreement"]
[Round "?"]
[WhiteCountry "bel"]
[BlackCountry "bel"]

{ Cadence : 300+15 } 1. d4 e6 2. c4 d5 3. Nf3 c6 4. Nc3 Nf6 5. Bg5 Bb4 6. e3 
Qa5 7. Qc2 Ne4 8. Rc1 Qxa2 9. Bd3 Bxc3+ 10. bxc3 Qxc2 11. Bxc2 Nxg5 12. Nxg5 
h6 13. Nf3 dxc4 14. O-O Nd7 15. Ra1 a6 16. Be4 Nb6 17. Ne5 Nd5 18. Nxc4 Nxc3 
19. Bf3 Bd7 20. Nb6 Rd8 21. Rfc1 Nb5 22. Be2 Ke7 23. Bxb5 axb5 24. Ra7 Rb8 
25. f4 Rhd8 26. Kf2 Kd6 27. e4 Be8 28. Ke3 Kc7 1/2-1/2

[Event "Live Chess"]
[Site "Chess.com"]
[Date "2021.02.28"]
[White "Dans, Guy"]
[Black "Hubert, Rene"]
[Result "1/2-1/2"]
[WhiteElo "1030"]
[BlackElo "1211"]
[Termination "Game drawn by agreement"]
[Round "?"]
[WhiteCountry "bel"]
[BlackCountry "bel"]

{ Cadence : 300+15 } 1. e4 c6 2. d4 d5 3. Nc3 dxe4 4. Nxe4 Nd7 5. Nf3 Ngf6 
6. Bd3 Nxe4 7. Bxe4 Nf6 8. Qd3 e6 9. O-O Be7 10. c3 O-O 11. Re1 Nxe4 12. Qxe4 
Qd5 13. Bf4 Qxe4 14. Rxe4 f5 15. Re2 h6 16. Rae1 g5 17. Bd2 Bf6 18. Ne5 Bxe5 
19. Rxe5 Bd7 20. R1e3 Rae8 21. c4 b6 22. b3 a6 23. f3 Kf7 24. Bc1 Kf6 25. Kf2 
Rf7 26. g3 h5 1/2-1/2

[Event "Live Chess"]
[Site "Chess.com"]
[Date "2021.02.28"]
[White "Hubert, Rene"]
[Black "Dans, Guy"]
[Result "1/2-1/2"]
[WhiteElo "1216"]
[BlackElo "1022"]
[Termination "Game drawn by agreement"]
[Round "?"]
[WhiteCountry "bel"]
[BlackCountry "bel"]

{ Cadence : 300+15 } 1. e4 c5 2. c3 d5 3. exd5 Qxd5 4. d4 cxd4 5. cxd4 e6 6. 
a3 Nf6 7. Nf3 Be7 8. Be2 O-O 9. O-O a6 10. Bg5 Nbd7 11. Nc3 Qc6 12. Rc1 b5 
13. b4 Qb6 14. h3 Bb7 15. Be3 Qd6 16. Qd2 Rac8 17. Rfd1 Nd5 18. Nxd5 Bxd5 19. 
Bf4 Qb6 20. Ne5 Nxe5 21. Bxe5 f6 22. Bg3 Rfd8 23. Rxc8 Rxc8 24. Bf4 Qb7 25. 
f3 Qd7 26. Be3 Bd6 27. Rc1 Rd8 28. Bf4 Bb7 29. Bxd6 Qxd6 30. Qe3 Kf7 31. Bd3 
h6 32. Kf2 Qxd4 33. Qxd4 Rxd4 34. Ke3 Rd7 35. Rc3 Ke7 36. g3 Bd5 37. Be4 Bxe4 
38. fxe4 Rd6 39. Rc7+ Rd7 40. Rc6 Rd6 41. Rc7+ Rd7 42. Rc6 Rd6 1/2-1/2

[Event "Live Chess"]
[Site "Chess.com"]
[Date "2021.03.01"]
[White "Marchal, Georges"]
[Black "Morgenthal, Renaud"]
[Result "1-0"]
[WhiteElo "1337"]
[BlackElo "1270"]
[Termination "gma_666 won by checkmate"]
[Round "?"]
[WhiteCountry "bel"]
[BlackCountry "bel"]

{ Cadence : 300+15 } 1. e4 c5 2. d4 cxd4 3. Nf3 d3 4. Bxd3 Nc6 5. Qe2 e5 6. 
O-O Nf6 7. Nc3 Bc5 8. Be3 Bb4 9. Nd5 Nxd5 10. exd5 Ne7 11. c3 Bd6 12. c4 Bc7 
13. Ng5 d6 14. f4 h6 15. Nf3 Bg4 16. fxe5 dxe5 17. Be4 Nf5 18. c5 O-O 19. d6 
Ba5 20. Bxf5 Bxf5 21. Nxe5 Re8 22. Rxf5 g6 23. Qc4 gxf5 24. Qxf7+ Kh8 25. Ng6# 
1-0

[Event "Live Chess"]
[Site "Chess.com"]
[Date "2021.03.01"]
[White "Morgenthal, Renaud"]
[Black "Marchal, Georges"]
[Result "0-1"]
[WhiteElo "1280"]
[BlackElo "1327"]
[Termination "gma_666 won by resignation"]
[Round "?"]
[WhiteCountry "bel"]
[BlackCountry "bel"]

{ Cadence : 300+15 } 1. e4 e5 2. d4 exd4 3. c3 d5 4. exd5 Qxd5 5. cxd4 Bb4+ 
6. Nc3 Nf6 7. Qa4+ Nc6 8. Bb5 Bxc3+ 9. bxc3 Qxg2 10. Bxc6+ bxc6 11. f3 O-O 
12. Qxc6 Re8+ 13. Kd1 Bg4 14. Bg5 Qxh1 15. Kc1 0-1

[Event "Live Chess"]
[Site "Chess.com"]
[Date "2021.03.03"]
[White "Sauvage, Eric"]
[Black "Morgenthal, Renaud"]
[Result "1/2-1/2"]
[WhiteElo "1614"]
[BlackElo "1279"]
[EndTime "8:05:43 PST"]
[Termination "Game drawn by agreement"]
[Round "?"]
[WhiteCountry "bel"]
[BlackCountry "bel"]

{ Cadence : 300+15 } 1. b4 e5 2. Bb2 d6 3. g3 Nc6 4. b5 Nce7 5. Bg2 Rb8 6. 
e4 c6 7. a4 a6 8. c4 cxb5 9. axb5 axb5 10. cxb5 Qb6 11. Nc3 Be6 12. Nge2 Bc4 
13. Qa4 Bxe2 14. Kxe2 Nh6 15. Qa5 Nc8 16. Nd5 Qxa5 17. Rxa5 b6 18. Ra4 Be7 
19. Rha1 O-O 20. Ra8 Rb7 21. h3 f5 22. d3 fxe4 23. Bxe4 Bf6 24. Nxf6+ gxf6 
25. Bxb7 1/2-1/2

[Event "Live Chess"]
[Site "Chess.com"]
[Date "2021.03.03"]
[White "Morgenthal, Renaud"]
[Black "Sauvage, Eric"]
[Result "0-1"]
[WhiteElo "1276"]
[BlackElo "1618"]
[Termination "Ayriq won by resignation"]
[Round "?"]
[WhiteCountry "bel"]
[BlackCountry "bel"]

{ Cadence : 300+15 } 1. e4 c5 2. d4 cxd4 3. c3 d5 4. exd5 Qxd5 5. Qxd4 Qxd4 
6. cxd4 Bf5 7. Nc3 e6 8. Bf4 Nf6 9. Nf3 Bb4 10. O-O-O O-O 11. Bd3 Bxd3 12. 
Rxd3 Nc6 13. Rhd1 Ne7 14. Nb5 Rac8+ 15. Kb1 a6 16. Nc7 Ned5 17. Nxd5 Nxd5 18. 
Bg3 Be7 19. Ne5 g5 20. Nd7 Rfd8 21. Ne5 h5 22. h3 Kg7 23. a3 f6 24. Nf3 Rc6 
25. h4 g4 26. Ne1 Bd6 27. Bxd6 Rcxd6 28. f3 Nf4 29. Rc3 Rxd4 30. Rc7+ Kg6 31. 
Rxd4 Rxd4 32. fxg4 Rd1+ 33. Rc1 Rxc1+ 34. Kxc1 hxg4 35. Kd2 Nd5 36. Kd3 f5 
37. g3 e5 38. Nc2 f4 39. gxf4 exf4 40. Ke4 g3 41. Kxd5 g2 0-1

[Event "Live Chess"]
[Site "Chess.com"]
[Date "2021.03.04"]
[White "Nadin, Corinne"]
[Black "Pitz, Luc"]
[Result "0-1"]
[WhiteElo "1241"]
[BlackElo "1200"]
[EndTime "2:40:23 PST"]
[Termination "lupi1956 won by resignation"]
[Round "?"]
[WhiteCountry "bel"]
[BlackCountry "bel"]

{ Cadence : 300+15 } 1. d4 c6 2. c4 d5 3. Nf3 g6 4. e3 Bg7 5. Nc3 Bg4 6. Be2 
Bxf3 7. Bxf3 dxc4 8. a4 e6 9. Qe2 Ne7 10. Qxc4 O-O 11. O-O Nd7 12. b4 Nb6 13. 
Qd3 Nbd5 14. Ba3 Nxc3 15. Qxc3 Nd5 16. Bxd5 exd5 17. b5 Re8 18. bxc6 Rc8 19. 
Qb3 bxc6 20. Rfc1 Bf8 21. Bxf8 Kxf8 22. Qa3+ Kg7 23. Rc5 Qd6 24. Qc3 Rc7 25. 
Rc1 Rec8 26. h3 f5 27. a5 Kf6 28. a6 g5 29. g3 h5 30. Qd2 Qe6 31. Qe2 g4 32. 
hxg4 hxg4 33. f3 gxf3 34. Qxf3 Qe4 35. Qe2 Kg5 36. Kf2 Rh8 37. Qf3 Rh2+ 0-1

[Event "Live Chess"]
[Site "Chess.com"]
[Date "2021.03.04"]
[White "Pitz, Luc"]
[Black "Nadin, Corinne"]
[Result "1-0"]
[WhiteElo "1187"]
[BlackElo "1254"]
[EndTime "2:18:43 PST"]
[Termination "lupi1956 won by resignation"]
[Round "?"]
[WhiteCountry "bel"]
[BlackCountry "bel"]

{ Cadence : 300+15 } 1. e4 c6 2. d4 d5 3. Nc3 dxe4 4. Nxe4 Bf5 5. Ng3 Bg6 6. 
Nf3 e6 7. h4 h6 8. h5 Bh7 9. Bd3 Bxd3 10. Qxd3 Nf6 11. Be3 Bd6 12. O-O-O Bxg3 
13. fxg3 Nbd7 14. Ne5 Nxe5 15. dxe5 Ng4 16. Qxd8+ Rxd8 17. Rxd8+ Kxd8 18. Rd1+ 
Kc8 19. Bxa7 Nxe5 20. Bd4 f6 21. Bxe5 fxe5 22. Re1 Kd7 23. Rxe5 Kd6 24. Re3 
Rf8 25. Rf3 Rf6 26. Kd2 Ke5 27. Ke3 g5 28. a4 c5 29. Rxf6 Kxf6 30. Ke4 b6 31. 
g4 e5 32. g3 Ke6 33. c4 Kf6 34. Kd5 Ke7 35. Kxe5 Kd7 36. Kf6 Kd6 37. Kg6 Ke5 
38. Kxh6 Kd4 39. Kxg5 Kxc4 40. h6 Kb3 41. h7 Kxb2 42. h8=Q+ Kb1 43. Qb8 c4 
44. Qxb6+ Kc1 45. a5 1-0

[Event "Live Chess"]
[Site "Chess.com"]
[Date "2021.03.04"]
[White "Marchal, Georges"]
[Black "Hubert, Rene"]
[Result "1-0"]
[WhiteElo "1344"]
[BlackElo "1194"]
[Termination "gma_666 won by resignation"]
[Round "?"]
[WhiteCountry "bel"]
[BlackCountry "bel"]

{ Cadence : 300+15 } 1. e4 c6 2. d4 d5 3. Nc3 dxe4 4. f3 e6 5. fxe4 Ne7 6. 
Bd3 Ng6 7. Nf3 Be7 8. O-O O-O 9. Be3 Nd7 10. Ne2 a6 11. c3 b6 12. e5 Bb7 13. 
Rb1 c5 14. Ng3 Nh4 15. Nxh4 Bxh4 16. Ne4 Be7 17. dxc5 bxc5 18. Nxc5 Bxc5 19. 
Bxc5 Nxc5 20. Bc2 Qg5 21. Qe2 Rad8 22. Rf2 Nd7 23. Re1 Nb6 24. Bd3 Rd7 25. 
Bxa6 Bxa6 26. Qxa6 Nd5 27. Qe2 Nf4 28. Qe3 Qh6 29. Qxf4 Qg6 30. Qe4 Qxe4 31. 
Rxe4 Rd1+ 32. Rf1 Rfd8 33. Ree1 R1d2 34. Rf2 Rxf2 35. Kxf2 Rd2+ 36. Re2 Rd5 
37. a3 Kf8 38. b3 Ke7 39. c4 Rd3 40. Re3 Rd2+ 41. Kf3 f6 42. exf6+ gxf6 43. 
b4 e5 44. Rc3 f5 45. c5 Ke6 46. c6 Rd8 47. b5 e4+ 48. Kf4 Rc8 49. Rc5 e3 50. 
Re5+ Kd6 51. Rxe3 Rc7 52. Rd3+ Ke7 53. Rd7+ Rxd7 54. cxd7 Kxd7 55. Kxf5 Kc7 
56. a4 1-0

[Event "Live Chess"]
[Site "Chess.com"]
[Date "2021.03.04"]
[White "Hubert, Rene"]
[Black "Marchal, Georges"]
[Result "1-0"]
[WhiteElo "1208"]
[BlackElo "1329"]
[Termination "renhub won by resignation"]
[Round "?"]
[WhiteCountry "bel"]
[BlackCountry "bel"]

{ Cadence : 300+15 } 1. e4 e5 2. Nf3 Nc6 3. Bb5 a6 4. Ba4 b5 5. Bb3 Nf6 6. 
d3 Be7 7. O-O O-O 8. Re1 Na5 9. c3 Nxb3 10. axb3 d6 11. Nbd2 Bb7 12. d4 exd4 
13. cxd4 c5 14. e5 dxe5 15. dxe5 Nd7 16. Nf1 Qc7 17. Bf4 Rfd8 18. Qc1 Nf8 19. 
Qe3 Ne6 20. Bg5 Bxf3 21. Bxe7 Qxe7 22. Qxf3 Rd4 23. Qxa8+ Qf8 24. Qxf8+ Kxf8 
25. Rxa6 Rb4 26. Re3 Nd4 27. f4 Nxb3 28. Rd3 Nd4 29. Ne3 Rxb2 30. h3 Ne2+ 31. 
Kh2 Nxf4 32. Kg3 Ne6 33. Nd5 c4 34. Ra8+ 1-0

[Event "Live Chess"]
[Site "Chess.com"]
[Date "2021.03.05"]
[White "Sauvage, Eric"]
[Black "Hubert, Rene"]
[Result "1/2-1/2"]
[WhiteElo "1608"]
[BlackElo "1214"]
[Termination "Game drawn by agreement"]
[Round "?"]
[WhiteCountry "bel"]
[BlackCountry "bel"]

{ Cadence : 300+15 } 1. b4 e5 2. Bb2 d6 3. e4 a6 4. Bc4 Nf6 5. d3 Be7 6. a3 
O-O 7. Nf3 Be6 8. Bxe6 fxe6 9. O-O b5 10. Nbd2 Nbd7 11. Ng5 Qc8 12. Nxe6 Re8 
13. f4 exf4 14. Nxf4 Ne5 15. Nf3 Bf8 16. h3 c5 1/2-1/2

[Event "Live Chess"]
[Site "Chess.com"]
[Date "2021.03.05"]
[White "Hubert, Rene"]
[Black "Sauvage, Eric"]
[Result "0-1"]
[WhiteElo "1206"]
[BlackElo "1621"]
[EndTime "8:13:16 PST"]
[Termination "Ayriq won by resignation"]
[Round "?"]
[WhiteCountry "bel"]
[BlackCountry "bel"]

{ Cadence : 300+15 } 1. e4 e5 2. Nf3 d6 3. d4 exd4 4. Nxd4 Nc6 5. c3 Nxd4 6. 
cxd4 f5 7. Bd3 fxe4 8. Bxe4 Nf6 9. Qd3 Qe7 10. Nc3 d5 11. O-O dxe4 12. Qc2 
Bf5 13. Re1 Qd7 14. Qd2 O-O-O 15. h3 h6 16. Qe3 Qxd4 17. Nb5 Qxe3 18. Bxe3 
a6 19. Nd4 Bh7 20. Ne6 Rd6 21. Nd4 Nd5 22. Bd2 c5 23. Ne2 g5 24. Rac1 Rc6 25. 
Rc2 Bg7 26. b3 Kc7 27. Rec1 e3 28. Rxc5 exd2 29. Rxc6+ bxc6 30. Rd1 Nc3 31. 
Nxc3 Bxc3 0-1

[Event "Live Chess"]
[Site "Chess.com"]
[Date "2021.03.06"]
[White "Marchal, Georges"]
[Black "Dans, Guy"]
[Result "1-0"]
[WhiteElo "1332"]
[BlackElo "1025"]
[Termination "gma_666 won by checkmate"]
[Round "?"]
[WhiteCountry "bel"]
[BlackCountry "bel"]

{ Cadence : 300+15 } 1. e4 c5 2. Nf3 d6 3. d4 cxd4 4. c3 d3 5. Bxd3 Nf6 6. 
c4 Nc6 7. a3 a5 8. Nc3 e6 9. O-O Be7 10. Qe2 O-O 11. Rd1 Qb6 12. Be3 Qd8 13. 
e5 dxe5 14. Bxh7+ Kxh7 15. Rxd8 Rxd8 16. Bb6 Rd7 17. Nxe5 Nxe5 18. Qxe5 Bd6 
19. Qe2 Bf4 20. Qc2+ g6 21. Ne4 Nxe4 22. Qxe4 Bh6 23. Qf3 Rd2 24. Qxf7+ Bg7 
25. Qf3 Bd7 26. Qxb7 Rf8 27. Bxa5 Rdxf2 28. Qxd7 R2f7 29. Qd3 Bxb2 30. Bc3 
Bxa1 31. Qh3+ Kg8 32. Qh8# 1-0

[Event "Live Chess"]
[Site "Chess.com"]
[Date "2021.03.06"]
[White "Dans, Guy"]
[Black "Marchal, Georges"]
[Result "1/2-1/2"]
[WhiteElo "1037"]
[BlackElo "1325"]
[Termination "Game drawn by agreement"]
[Round "?"]
[WhiteCountry "bel"]
[BlackCountry "bel"]

{ Cadence : 300+15 } 1. e4 e5 2. Nf3 Nc6 3. Bc4 Nf6 4. O-O Be7 5. Re1 O-O 6. 
d4 Nxe4 7. dxe5 d5 8. Bxd5 Nc5 9. Nc3 Bg4 10. h3 Bh5 11. Bf4 Nb4 12. a3 Nxd5 
13. Nxd5 Ne6 14. Nxe7+ Qxe7 15. Bg3 Rad8 16. Qc1 Bxf3 17. gxf3 Nd4 18. Re3 
Nf5 19. Rc3 Nxg3 20. fxg3 Qxe5 21. f4 Qd4+ 22. Qe3 Qxe3+ 23. Rxe3 Rfe8 24. 
Rae1 Kf8 25. Rxe8+ Rxe8 26. Rxe8+ Kxe8 27. Kf2 Kd7 28. Ke3 Kc6 29. Kd4 Kd6 
1/2-1/2

[Event "Live Chess"]
[Site "Chess.com"]
[Date "2021.03.07"]
[White "Pitz, Luc"]
[Black "Morgenthal, Renaud"]
[Result "0-1"]
[WhiteElo "1183"]
[BlackElo "1293"]
[Termination "Renaud1405 won by resignation"]
[Round "?"]
[WhiteCountry "bel"]
[BlackCountry "bel"]

{ Cadence : 300+15 } 1. e4 c5 2. Nc3 d6 3. f4 Nc6 4. Bb5 Qb6 5. Bxc6+ bxc6 
6. Nf3 Ba6 7. d3 e6 8. O-O c4+ 9. Kh1 cxd3 10. Be3 Qxe3 0-1

[Event "Live Chess"]
[Site "Chess.com"]
[Date "2021.03.07"]
[White "Morgenthal, Renaud"]
[Black "Pitz, Luc"]
[Result "1-0"]
[WhiteElo "1285"]
[BlackElo "1191"]
[Termination "Renaud1405 won by resignation"]
[Round "?"]
[WhiteCountry "bel"]
[BlackCountry "bel"]

{ Cadence : 300+15 } 1. d4 c6 2. e4 d5 3. exd5 cxd5 4. c4 Nf6 5. c5 Nc6 6. 
a3 g6 7. b4 a6 8. Nc3 Bg7 9. Nf3 Bg4 10. Be3 O-O 11. Be2 Bxf3 12. Bxf3 e5 13. 
dxe5 Nxe5 14. Bd4 Nxf3+ 15. Qxf3 Re8+ 16. Ne2 Qe7 17. Ra2 Qe4 18. Qxe4 Rxe4 
19. f3 Re6 20. O-O Rae8 21. Re1 Nh5 22. Bf2 Nf4 23. Kf1 Nxe2 24. Raxe2 Rxe2 
25. Rxe2 Rxe2 26. Kxe2 Bb2 27. a4 Ba3 28. Be1 Kg7 29. Kd3 a5 30. bxa5 Bxc5 
31. Bc3+ f6 32. Bd4 Bb4 33. Bc3 Ba3 34. Kd4 Kf7 35. Kxd5 Ke7 36. g4 Kd7 37. 
Bxf6 Bb4 38. a6 bxa6 39. h4 Ba5 40. h5 gxh5 41. gxh5 Bd2 42. Kc5 Kc7 43. Be5+ 
Kb7 44. f4 Be3+ 45. Kd5 Kb6 46. f5 Ka5 47. f6 Kxa4 48. f7 Bh6 49. Bd6 Kb3 50. 
f8=Q Bxf8 51. Bxf8 Kc3 52. Ke6 Kd4 53. Kf7 Ke5 54. Kg7 Kf5 55. Kxh7 Kg5 56. 
h6 Kf6 57. Kg8 1-0

[Event "Live Chess"]
[Site "Chess.com"]
[Date "2021.03.09"]
[White "Pitz, Luc"]
[Black "Hubert, Rene"]
[Result "0-1"]
[WhiteElo "1173"]
[BlackElo "1212"]
[Termination "renhub won by resignation"]
[Round "?"]
[WhiteCountry "bel"]
[BlackCountry "bel"]

{ Cadence : 300+15 } 1. e4 c6 2. d4 d5 3. Nc3 dxe4 4. Nxe4 Nd7 5. Bc4 Ngf6 
6. Qf3 e6 7. Bg5 Qa5+ 8. c3 Nxe4 9. Bh4 Nef6 10. Ne2 Be7 11. b4 Qd8 12. O-O 
O-O 13. Nf4 e5 14. Bxf6 exd4 15. Bxe7 Qxe7 16. Rfe1 Qf6 17. cxd4 Nb6 18. Bd3 
Bd7 19. Qe4 g6 20. Qe5 Qg7 21. Qxg7+ Kxg7 22. Re3 Rfe8 23. Rae1 Rxe3 24. Rxe3 
Re8 25. Kf1 Rxe3 26. fxe3 g5 27. Nh5+ Kh6 28. Ng3 Nd5 29. Nf5+ Bxf5 30. Bxf5 
Nxe3+ 0-1